| 000 | 01225cam a22003497a 4500 | ||
|---|---|---|---|
| 003 | CHAP | ||
| 005 | 20220817043710.0 | ||
| 008 | 000829d1998 mx r 00110 esp d | ||
| 010 | _a82105 | ||
| 011 | _a83077 | ||
| 020 | _a9687798475 | ||
| 035 | _a93585 | ||
| 040 | _cCHAP | ||
| 082 | 0 | 4 |
_a370.78 _bN3 |
| 100 | 0 | 0 |
_aNavarro, Miguel Ángel. _980606 |
| 245 | 1 | 0 |
_aLenguaje, ideología y administración educativa _c/por Miguel Ángel Navarro |
| 260 |
_aMéxico, D.F. : _bAsociación Nacional de Universidades e Instituciones de Educación Superior, _c1998. |
||
| 300 | _a222 p. | ||
| 490 | 0 | _aBiblioteca de la educación superior. Serie investigaciones | |
| 590 |
_aBATCH-UPD _b10 _c20130110 _lUCH01 _h0605 |
||
| 590 |
_aBATCH-UPD _b10 _c20130410 _lUCH01 _h0246 |
||
| 590 |
_aBATCH-UPD _b10 _c20130914 _lUCH01 _h0618 |
||
| 590 |
_aCONVERSION _b10 _c20130109 _lUCH01 _h1346 |
||
| 650 | 1 | 4 |
_aEducación _xInvestigación. _935457 |
| 650 | 1 | 4 |
_aIdeología. _957294 |
| 650 | 1 | 4 |
_aLenguaje _xFilosofía. _965987 |
| 830 | 0 | _aBiblioteca de la educación superior. Serie investigaciones | |
| 901 | _aBK | ||
| 905 | _aMayto Villalobos S | ||
| 942 | _cLIBRO | ||
| 949 |
_a370.78 N3 _bBC _cLIBRO _d33724000784815 _eLIBRO _h98568 _i93585 _si |
||
| 999 |
_c82105 _d82105 |
||